Tribhuvan University Central Library

Variety in contemporary English (Record no. 14524)

MARC details
000 -LEADER
fixed length control field 005220000a22002170004500
082 ## - DEWEY DECIMAL CLASSIFICATION NUMBER
Classification number 420
Item number Od5v
-- T
020 ## - INTERNATIONAL STANDARD BOOK NUMBER
International Standard Book Number 0-415-08437-7
041 ## - LANGUAGE CODE
Language code of text/sound track or separate title Eng
100 ## - MAIN ENTRY--PERSONAL NAME
Personal name O'Donnell, W. R.
100 ## - MAIN ENTRY--PERSONAL NAME
Personal name Tood, Loreto
245 ## - TITLE STATEMENT
Title Variety in contemporary English
260 ## - PUBLICATION, DISTRIBUTION, ETC. (IMPRINT)
Place of publication, distribution, etc London
Name of publisher, distributor, etc Routledge, Great Britain
260 ## - PUBLICATION, DISTRIBUTION, ETC. (IMPRINT)
Date of publication, distribution, etc 1991
300 ## - PHYSICAL DESCRIPTION
Extent x,165p.
500 ## - GENERAL NOTE
General note Bibliography at the end of each chapters
518 ## - DATE/TIME AND PLACE OF AN EVENT NOTE
Date/time and place of an event note 980626
530 ## - ADDITIONAL PHYSICAL FORM AVAILABLE NOTE
Additional physical form available note M
650 ## - SUBJECT ADDED ENTRY--TOPICAL TERM
Topical term or geographic name as entry element English language
650 ## - SUBJECT ADDED ENTRY--TOPICAL TERM
Topical term or geographic name as entry element Sociolinguistics
942 ## - ADDED ENTRY ELEMENTS (KOHA)
Koha item type General Collections
Holdings
Withdrawn status Lost status Damaged status Not for loan Home library Current library Date acquired Total Checkouts Barcode Date last seen Price effective from
        Tribhuvan University Central Library Tribhuvan University Central Library 06/20/2010   115427 06/20/2010 06/20/2010